Sociedad y población
Saved in:
| Hovedforfatter: | |
|---|---|
| Format: | Bog |
| Sprog: | spansk |
| Udgivet: |
Ciudad de México
Trillas
1973
|
| Fag: | |
| Tags: |
Tilføj Tag
Ingen Tags, Vær først til at tagge denne postø!
|
MARC
| LEADER | 00000nam a2200000 a 4500 | ||
|---|---|---|---|
| 001 | UCY7639 | ||
| 003 | CL-VaPUC | ||
| 008 | 950616e19730100MX |||||||||||||||||spa|d | ||
| 082 | 0 | 4 | |a 304.6 |b HEE |2 21 |
| 100 | 0 | |a Heer, David M |e author |9 338257 | |
| 245 | 1 | 0 | |a Sociedad y población |
| 300 | |a 180 p | ||
| 942 | |c BK | ||
| 945 | |d 19950616 00:00:00 |a cmena | ||
| 260 | |a Ciudad de México |b Trillas |c 1973 | ||
| 650 | 0 | |a Desarrollo económico y social |9 256320 | |
| 650 | 7 | |a DINAMICA DE LA POBLACION |2 CL-VaPUC |9 338226 | |
| 650 | 7 | |a PROBLEMAS DEMOGRAFICOS |2 CL-VaPUC |9 338258 | |
| 650 | 7 | |a DENSIDAD DE POBLACION |2 CL-VaPUC |9 338259 | |
| 650 | 7 | |a ESTRUCTURA SOCIAL |2 CL-VaPUC |9 338260 | |
| 650 | 0 | |a Sociedad |9 307903 | |
| 650 | 0 | |a Poder político |9 255509 | |
| 583 | |a last modification |c 19950616 00:00:00 |k Rodrigo Vera | ||
| 999 | |c 234971 |d 234969 | ||
| 952 | |0 0 |1 0 |4 0 |6 304_600000000000000_HEE_1973 |7 0 |8 P |9 242023 |a BIBEDU |b BIBEDU |c BIBEDU_PB |d 2019-11-18 |i 1519581 |o 304.6 HEE 1973 |p 1519581 |r 2024-01-25 |w 2019-11-18 |y BK |k EDU | ||
| 952 | |0 0 |1 0 |4 0 |6 304_600000000000000_HEE_1973 |7 0 |8 X |9 242024 |a FDOBUD |b FDOBUD |d 2019-11-18 |i 468611K |o 304.6 HEE 1973 |p 468611K |r 2019-11-18 |w 2019-11-18 |y BK_X |k BUD | ||